000 00312pab a2200121 454500
008 180718b xxu||||| |||| 00| 0 eng d
100 _aBlack, Richard
245 _aPlanning for refugees in Zambia
650 _aRefugees - Zambia
700 _aMabwe, Thomas
773 _aThird World Planning Review
909 _a21493
999 _c21493
_d21493